000 01320cab a22002175a 4500
001 L140966
008 071023e20071020xxk f 000 0 eng d
035 _a(Sirsi) u140966
041 0 _aeng
100 1 _aField, Duncan
245 0 0 _aHeld to account
260 _c2007
490 0 _aEstates Gazette
_v(0742) 20 October 2007, 288-289(2)
520 _aConsiders the Corporate Manslaughter and Corporate Homicide Act 2007, which will impose a duty to comply with health and safety legislation when it comes into force on 6 April 2008. Explains the offence of corporate manslaughter under current law and outlines the changes introduced by the 2007 Act, including the fact that the 2007 Act does not rely upon the successful prosecution of an individual for manslaughter before a case against an organisation can succeed. Notes that an offence will have been committed only if the organisation owed a relevant duty of care to the deceased, if the organisation committed a gross breach, and if senior management had been substantially involved in the breach. Also looks at the application of liability under the Act.
590 _aKA
650 2 4 _aCORPORATE MANSLAUGHTER AND CORPORATE HOMICIDE ACT 2007
651 4 _aUnited Kingdom
_y
690 _aHealth and safety
_96244
700 1 _aPeters, Emily
942 _n0
999 _c79399
_d79399